Laser material processing / (Record no. 175566)
[ view plain ]
| 000 -LEADER | |
|---|---|
| fixed length control field | 00968 a2200229 4500 |
| 003 - CONTROL NUMBER IDENTIFIER | |
| control field | Nust |
| 005 - DATE AND TIME OF LATEST TRANSACTION | |
| control field | 20221116164855.0 |
| 010 ## - LIBRARY OF CONGRESS CONTROL NUMBER | |
| LC control number | 97046601 |
| 020 ## - INTERNATIONAL STANDARD BOOK NUMBER | |
| International Standard Book Number | 3540761748 (Berlin : alk. paper) |
| 040 ## - CATALOGING SOURCE | |
| Transcribing agency | Nust |
| 082 00 - DEWEY DECIMAL CLASSIFICATION NUMBER | |
| Classification number | 621.366,STE |
| 100 1# - MAIN ENTRY--PERSONAL NAME | |
| Personal name | Steen, W. M. |
| 9 (RLIN) | 102727 |
| 245 10 - TITLE STATEMENT | |
| Title | Laser material processing / |
| Statement of responsibility, etc. | William M. Steen. |
| 250 ## - EDITION STATEMENT | |
| Edition statement | 2nd ed. |
| 260 ## - PUBLICATION, DISTRIBUTION, ETC. | |
| Place of publication, distribution, etc. | London ; |
| -- | New York : |
| Name of publisher, distributor, etc. | Springer, |
| Date of publication, distribution, etc. | 1998. |
| 300 ## - PHYSICAL DESCRIPTION | |
| Extent | xiv, 346 p. : |
| Other physical details | ill. ; |
| Dimensions | 24 cm. |
| 505 ## - FORMATTED CONTENTS NOTE | |
| Formatted contents note | Background and General Applications (Page-11), Basic Laser Optics (Page-58), Laser Cutting(Page-103), Laser Welding (Page-147), Heat Flow Theory (Page-190), Laser Surface Treatment(Page-218), Rapid prototyping and Low Volume Manufacture (Page-272),Laser Automation and In-Process Sensing (Page-293), Laser Safety (Page-321). |
| 650 #0 - SUBJECT ADDED ENTRY--TOPICAL TERM | |
| Topical term or geographic name entry element | Lasers |
| General subdivision | Industrial applications. |
| 650 #0 - SUBJECT ADDED ENTRY--TOPICAL TERM | |
| Topical term or geographic name entry element | Prototypes, Engineering. |
| 9 (RLIN) | 18592 |
| 650 #0 - SUBJECT ADDED ENTRY--TOPICAL TERM | |
| Topical term or geographic name entry element | Telecommunication Engineering |
| 942 ## - ADDED ENTRY ELEMENTS (KOHA) | |
| Koha item type | Reference |
| Source of classification or shelving scheme | |
| Withdrawn status | Lost status | Source of classification or shelving scheme | Damaged status | Not for loan | Permanent Location | Current Location | Shelving location | Date acquired | Full call number | Barcode | Date last seen | Price effective from | Koha item type | Public note |
|---|---|---|---|---|---|---|---|---|---|---|---|---|---|---|
| Military College of Signals (MCS) | Military College of Signals (MCS) | General Stacks | 12/12/2016 | 621.366,STE | MCS26971 | 12/08/2016 | 12/12/2016 | Book | Almirah No.30, Shelf No.2 |
